Witamy w Bibliotece Naukowej Instytutu Łączności!

Wyniki badań stopy błędów w łączach telegraficznych / (Rekord nr 16344)

000 -LEADER
fixed length control field 00289 a2200085 4500
100 1# - MAIN ENTRY--PERSONAL NAME
Personal name Ostrowski, P..
Relator term Autor
245 0# - TITLE STATEMENT
Title Wyniki badań stopy błędów w łączach telegraficznych /
Statement of responsibility, etc Ostrowski P..
260 ## - PUBLICATION, DISTRIBUTION, ETC. (IMPRINT)
Place of publication, distribution, etc Warszawa :
Name of publisher, distributor, etc IŁ,
Date of publication, distribution, etc 1970.
300 ## - PHYSICAL DESCRIPTION
Extent IV,48 s.;
Dimensions 24 cm.
710 2# - ADDED ENTRY--CORPORATE NAME
Corporate name or jurisdiction name as entry element Instytut Łączności.
Relator term Wydawca
Relator code pbl
Egzemplarze
Withdrawn status Lost status Damaged status Not for loan Permanent Location Current Location Shelving location Date acquired Cost, normal purchase price Full call number Date last seen Price effective from Koha item type
        Instytut Łączności Instytut Łączności Magazyn 1970-11-22 0.00 S-04264/arch 2017-11-30 2017-11-30 Książki
        Instytut Łączności Instytut Łączności Magazyn 1970-11-22 0.00 S-04265 2017-11-30 2017-11-30 Książki
        Instytut Łączności Instytut Łączności Magazyn 1970-11-22 0.00 S-04733 2017-11-30 2017-11-30 Książki
        Instytut Łączności Instytut Łączności Magazyn 1970-11-22 0.00 S-04734 2017-11-30 2017-11-30 Książki

Działa dzięki Koha